000 01250pam a2200313 a 4500
999 _c126779
_d126779
001 1526911
003 ARRUPE
005 20170825092215.0
008 900725s1991 pau b 001 0 eng
010 _a 90044874
020 _a0812282086
040 _aDLC
_cDLC
_dDLC
050 0 0 _aPN761
_b.M23 1991
082 0 0 _a809/.93358/09034
_220
245 0 0 _aMacropolitics of nineteenth-century literature :
_bnationalism, exoticism, imperialism /
_cedited by Jonathan Arac and Harriet Ritvo.
260 _aPhiladelphia :
_bUniversity of Pennsylvania Press,
_cc1991.
300 _avi, 309 p. ;
_c24 cm.
440 0 _aNew cultural studies series
_935239
504 _aIncludes bibliographical references and index.
650 0 _aLiterature, Modern
_y19th century
_xHistory and criticism.
_935240
650 0 _aNationalism in literature.
_935241
650 0 _aExoticism in literature.
_935242
650 0 _aImperialism in literature.
_913439
650 0 _aRomanticism.
_99129
700 1 _aArac, Jonathan,
_d1945-
_935243
700 1 _aRitvo, Harriet,
_d1946-
_935244
906 _a7
_bcbc
_corignew
_d1
_eocip
_f19
_gy-gencatlg
942 _2lcc
_cMONOGRAPH